Datum a čas kvízu
23
Celkem bodů
Celkový počet nahraných bodů na tomto kvízu bez doplňovacích otázek.
13.
Pořadí na kvízu
Konečné umístění týmu na tomto kvízu.
Zaznamenané odpovědi
| # | Otázka | Odpověď | Body | Výsledky |
|---|---|---|---|---|
| 1. | Nově zvolený rektor brněnské M... | Robert Plaga | 0 | |
| 2. | Armáda jednoho evropského stát... | Švýcarsko | 0 | |
| 3. | Do českých kin vstoupil minulý... | ve vlaku | 1 | |
| 4. | Minulý týden jsme se dozvěděli... | Prima TV | 1 | |
| 5. | První velké překvapení jarní č... | Slavia Praha - MFK Karviná 0:1 | 0 | |
| 6. | Patrně nejznámější čarodějnicí... | Kirké | 0 | |
| 7. | Vzpomenete si na jméno tohoto... | Čáryfuk | 1 | |
| 8. | Nechvalnou součástí historie j... | Salem | 1 | |
| 9. | Rolí Dorotky se ve filmové ada... | Judy Garlandová | 0 | |
| 10. | Tato legendární postava Lužick... | Krabat | 0 |